<?xml version="1.0" encoding="UTF-8"?>
<record
    xmlns:xsi="http://www.w3.org/2001/XMLSchema-instance"
    xsi:schemaLocation="http://www.loc.gov/MARC21/slim http://www.loc.gov/standards/marcxml/schema/MARC21slim.xsd"
    xmlns="http://www.loc.gov/MARC21/slim">

  <leader>05021nam a2200529Ia 4500</leader>
  <controlfield tag="001">dia_6459</controlfield>
  <controlfield tag="003">CHAP</controlfield>
  <controlfield tag="005">20240927181031.0</controlfield>
  <controlfield tag="007">ta</controlfield>
  <controlfield tag="008">220117s2011    mx ad  fsm    001 0 spa d</controlfield>
  <datafield tag="010" ind1=" " ind2=" ">
    <subfield code="a">177379</subfield>
  </datafield>
  <datafield tag="040" ind1=" " ind2=" ">
    <subfield code="c">CHAP</subfield>
    <subfield code="a">mxchpua</subfield>
    <subfield code="e">rda</subfield>
  </datafield>
  <datafield tag="041" ind1="0" ind2=" ">
    <subfield code="a">spa</subfield>
    <subfield code="b">eng</subfield>
  </datafield>
  <datafield tag="090" ind1=" " ind2=" ">
    <subfield code="a">Tesis </subfield>
    <subfield code="b">G632 </subfield>
    <subfield code="c">2011</subfield>
  </datafield>
  <datafield tag="100" ind1="1" ind2=" ">
    <subfield code="a">God&#xED;nez Gonz&#xE1;lez, Carla Samanta</subfield>
  </datafield>
  <datafield tag="245" ind1="1" ind2="0">
    <subfield code="a">Exploraci&#xF3;n del estatus de la calidad en la cadena leche-queso crema de Chiapas en la regi&#xF3;n centro-costa del estado /</subfield>
    <subfield code="c">Carla Samanta God&#xED;nez Gonz&#xE1;lez</subfield>
  </datafield>
  <datafield tag="264" ind1=" " ind2=" ">
    <subfield code="a">Chapingo, M&#xE9;xico :</subfield>
    <subfield code="b">El autor,</subfield>
    <subfield code="c">2011</subfield>
  </datafield>
  <datafield tag="300" ind1=" " ind2=" ">
    <subfield code="a">ix, 83 hojas :</subfield>
    <subfield code="b">ilustraciones, gr&#xE1;ficas, diagramas, tablas +</subfield>
    <subfield code="e">1 CD-ROM</subfield>
  </datafield>
  <datafield tag="336" ind1=" " ind2=" ">
    <subfield code="2">rdacontent</subfield>
    <subfield code="a">texto</subfield>
    <subfield code="b">txt</subfield>
  </datafield>
  <datafield tag="337" ind1=" " ind2=" ">
    <subfield code="2">rdamedia</subfield>
    <subfield code="a">no mediado</subfield>
    <subfield code="b">n</subfield>
  </datafield>
  <datafield tag="338" ind1=" " ind2=" ">
    <subfield code="2">rdacarrier</subfield>
    <subfield code="a">volumen</subfield>
    <subfield code="b">nc</subfield>
  </datafield>
  <datafield tag="500" ind1=" " ind2=" ">
    <subfield code="a">El CD contiene reporte</subfield>
  </datafield>
  <datafield tag="502" ind1=" " ind2=" ">
    <subfield code="a">Tesis </subfield>
    <subfield code="b">(Maestro en Ciencias en Ciencia y Tecnolog&#xED;a Agroalimentaria) -- </subfield>
    <subfield code="c">UACh. Departamento de Ingenier&#xED;a Agroindustrial, </subfield>
    <subfield code="d">2011</subfield>
  </datafield>
  <datafield tag="504" ind1=" " ind2=" ">
    <subfield code="a">Incluye bibliograf&#xED;as</subfield>
  </datafield>
  <datafield tag="520" ind1="3" ind2=" ">
    <subfield code="a">El objetivo del estudio fue evaluar la calidad fisicoqu&#xED;mica y sanitaria de leche cruda de vaca, utilizada en la elaboraci&#xF3;n de Queso Crema de Chiapas. Se seleccionaron cuatro queser&#xED;as en Pijijiapan, una en Villaflores y una en Villacorzo. De cada queser&#xED;a se eligieron tres ranchos proveedores de leche para realizar el an&#xE1;lisis de la calidad de la misma, durante la estaci&#xF3;n de lluvias y de secas. A las muestras de leche se les determin&#xF3; lactosa, prote&#xED;na total, case&#xED;na, grasa but&#xED;rica, densidad, s&#xF3;lidos no grasos, punto criosc&#xF3;pico, &#xE1;cidos grasos libres, &#xE1;cido c&#xED;trico, cuenta total de bacterias mes&#xF3;filas aerobias, conteo de c&#xE9;lulas som&#xE1;ticas y acidez titulable. Los resultados de calidad de leche se compararon con la NMX-F-700-COFOCALEC-2004. Se realizaron an&#xE1;lisis de varianza para modelos mixtos y un an&#xE1;lisis por conglomerados con la informaci&#xF3;n de calidad de la leche. Durante la &#xE9;poca de lluvias la calidad fisicoqu&#xED;mica de la leche suministrada por los ranchos a las queser&#xED;as super&#xF3; los est&#xE1;ndares para todos los atributos establecidos en la norma. En la &#xE9;poca de secas los resultados fueron m&#xE1;s variables y en general la leche fue de menor calidad. En ambas estaciones de producci&#xF3;n la calidad sanitaria fue deficiente y se caracteriz&#xF3; por cuentas elevadas de mes&#xF3;filos aerobios (m&#xE1;s de 6 log10 UFC/mL). La informaci&#xF3;n de calidad de leche se agrup&#xF3; en dos conglomerados que correspondieron en gran medida a las dos estaciones de producci&#xF3;n, lo que indica que la zona de producci&#xF3;n no tiene efecto sobre la calidad de la leche. --</subfield>
  </datafield>
  <datafield tag="520" ind1="3" ind2=" ">
    <subfield code="a">The objective of this research was to evaluate the physico-chemical and sanitary quality of raw milk used in making Queso Crema de Chiapas. Four cheese manufacturing plants in Pijijiapan, one in Villaflores and one in Villacorzo were selected. From each cheese factory, three farms were chosen and the milk they supplied was analyzed during both the rainy season and dry season. Milk samples were analyzed for lactose, total protein, casein, milkfat, density, non-fat solids, freezing point, free fatty acids, citric acid, total mesophilic bacteria count, somatic cell count and titratable acidity. Results from milk quality data were compared with national standards established by the Mexican norm NMX-F-700-COFOCALEC-2004 for raw milk. Variance analysis for mixed models and cluster analysis were performed on the data. During the rainy season, the physicochemical milk quality provided by the farms to the cheese factories was superior for all attributes established by the Mexican norm. In contrast, during the dry season the results were more variable, and in general, the milk supplied was of lower quality. In both seasons, sanitary milk quality was deficient, characterized by high mesophilic bacteria count (over 6 log10 UFC/mL). The milk quality data was summarized in two clusters, which corresponded to the two production seasons; indicating that milk quality was not influenciated by the production region.</subfield>
  </datafield>
  <datafield tag="650" ind1="1" ind2="3">
    <subfield code="a">Industria lechera</subfield>
    <subfield code="z">M&#xE9;xico</subfield>
    <subfield code="z">Chiapas  </subfield>
    <subfield code="2">atg</subfield>
  </datafield>
  <datafield tag="650" ind1="1" ind2="3">
    <subfield code="a">Industria quesera</subfield>
    <subfield code="z">M&#xE9;xico</subfield>
    <subfield code="z">Chiapas  </subfield>
    <subfield code="2">atg</subfield>
  </datafield>
  <datafield tag="650" ind1="1" ind2="3">
    <subfield code="a">Buenas pr&#xE1;cticas de higiene  </subfield>
    <subfield code="2">atg</subfield>
  </datafield>
  <datafield tag="650" ind1="1" ind2="3">
    <subfield code="a">Inocuidad alimentaria  </subfield>
    <subfield code="2">atg</subfield>
  </datafield>
  <datafield tag="650" ind1="1" ind2="3">
    <subfield code="a">Leche</subfield>
    <subfield code="x">Calidad</subfield>
    <subfield code="z">M&#xE9;xico</subfield>
    <subfield code="z">Chiapas  </subfield>
    <subfield code="2">atg</subfield>
  </datafield>
  <datafield tag="650" ind1="1" ind2="3">
    <subfield code="a">Cheese industry</subfield>
    <subfield code="z">Mexico</subfield>
    <subfield code="z">Chiapas</subfield>
    <subfield code="2">atg</subfield>
  </datafield>
  <datafield tag="650" ind1="1" ind2="3">
    <subfield code="a">Dairy industry</subfield>
    <subfield code="z">Mexico</subfield>
    <subfield code="z">Chiapas  </subfield>
    <subfield code="2">atg</subfield>
  </datafield>
  <datafield tag="650" ind1="1" ind2="3">
    <subfield code="a">Food safety  </subfield>
    <subfield code="2">atg</subfield>
  </datafield>
  <datafield tag="650" ind1="1" ind2="3">
    <subfield code="a">Good hygiene practices  </subfield>
    <subfield code="2">atg</subfield>
  </datafield>
  <datafield tag="650" ind1="1" ind2="3">
    <subfield code="a">Milk</subfield>
    <subfield code="x">Quality</subfield>
    <subfield code="z">Mexico</subfield>
    <subfield code="z">Chiapas</subfield>
    <subfield code="2">atg</subfield>
  </datafield>
  <datafield tag="700" ind1="1" ind2=" ">
    <subfield code="a">Garc&#xED;a Mu&#xF1;iz, Jos&#xE9; Guadalupe</subfield>
    <subfield code="e">director</subfield>
  </datafield>
  <datafield tag="700" ind1="1" ind2=" ">
    <subfield code="a">Leyva Ruelas, Gabriel</subfield>
    <subfield code="e">asesor</subfield>
  </datafield>
  <datafield tag="700" ind1="1" ind2=" ">
    <subfield code="a">Santos Moreno, Armando</subfield>
    <subfield code="e">asesor</subfield>
  </datafield>
  <datafield tag="856" ind1="4" ind2="1">
    <subfield code="u">http://10.13.5.2/tesis/113996.pdf</subfield>
    <subfield code="y">DESCARGAR PDF</subfield>
  </datafield>
  <datafield tag="901" ind1=" " ind2=" ">
    <subfield code="a">TESIS G632 2011</subfield>
  </datafield>
  <datafield tag="902" ind1=" " ind2=" ">
    <subfield code="a">M</subfield>
  </datafield>
  <datafield tag="905" ind1=" " ind2=" ">
    <subfield code="a">5232272011                          mx nmal8223123322spa16</subfield>
  </datafield>
  <datafield tag="942" ind1=" " ind2=" ">
    <subfield code="c">TESIS</subfield>
    <subfield code="2">Clasificaci&#xF3;n Universidad Aut&#xF3;noma Chapingo</subfield>
  </datafield>
  <datafield tag="999" ind1=" " ind2=" ">
    <subfield code="c">177379</subfield>
    <subfield code="d">177379</subfield>
  </datafield>
  <datafield tag="952" ind1=" " ind2=" ">
    <subfield code="0">0</subfield>
    <subfield code="1">0</subfield>
    <subfield code="2">local</subfield>
    <subfield code="4">0</subfield>
    <subfield code="5">5</subfield>
    <subfield code="7">0</subfield>
    <subfield code="8">TESIS</subfield>
    <subfield code="a">IA_</subfield>
    <subfield code="b">IA_</subfield>
    <subfield code="d">2022-01-18</subfield>
    <subfield code="e">El autor</subfield>
    <subfield code="l">1</subfield>
    <subfield code="o">Tesis G632 2011</subfield>
    <subfield code="p">1101010489</subfield>
    <subfield code="r">2024-10-02 18:40:12</subfield>
    <subfield code="s">2024-10-02</subfield>
    <subfield code="t">Ej. 2</subfield>
    <subfield code="w">2022-01-18</subfield>
    <subfield code="y">CD</subfield>
  </datafield>
  <datafield tag="952" ind1=" " ind2=" ">
    <subfield code="0">0</subfield>
    <subfield code="1">0</subfield>
    <subfield code="2">local</subfield>
    <subfield code="4">0</subfield>
    <subfield code="5">1</subfield>
    <subfield code="7">0</subfield>
    <subfield code="8">TESIS</subfield>
    <subfield code="a">IA_</subfield>
    <subfield code="b">IA_</subfield>
    <subfield code="d">2022-01-18</subfield>
    <subfield code="e">El autor</subfield>
    <subfield code="l">0</subfield>
    <subfield code="o">Tesis G632 2011</subfield>
    <subfield code="p">1101010488</subfield>
    <subfield code="r">2022-01-18 00:00:00</subfield>
    <subfield code="t">Ej. 1</subfield>
    <subfield code="w">2022-01-18</subfield>
    <subfield code="y">CD</subfield>
  </datafield>
  <datafield tag="952" ind1=" " ind2=" ">
    <subfield code="0">0</subfield>
    <subfield code="1">0</subfield>
    <subfield code="2">local</subfield>
    <subfield code="4">0</subfield>
    <subfield code="7">0</subfield>
    <subfield code="8">TesDigM</subfield>
    <subfield code="a">IA_</subfield>
    <subfield code="b">IA_</subfield>
    <subfield code="c">E_L</subfield>
    <subfield code="d">2024-09-27</subfield>
    <subfield code="e">El autor</subfield>
    <subfield code="l">0</subfield>
    <subfield code="p">1201010488</subfield>
    <subfield code="r">2024-09-27 19:12:04</subfield>
    <subfield code="w">2024-09-27</subfield>
    <subfield code="y">TD</subfield>
  </datafield>
</record>
